000 00690nab a2200205 4500
003 BR-BrBNA
005 20240623232750.0
008 240623b bl.||||| |||| 00| 0 por d
040 _aBR-BrBNA
_bpor
072 _aQ80 ; D50
100 _aAraújo, Roberto
245 _aDestino final de embalagens vazias de defensivos agrícolas
650 _aDEFENSIVO
650 _aEMBALAGEM
650 _aDESCARTE
650 _aLEGISLAÇÃO
773 0 _04769
_9314614
_dBebedouro - SP Grupo Técnico de Assistência e Consultoria em Citrus 2001
_o2024-0866
_tCiência e Pratica (Brazil)
_gv. 2(4) p. 3; (Jan-Mar 2002)
_wBR2024001867
942 _cAnalítica
999 _c300195
_d300195